000 00619nam a2200205 i 4500
001 22776
003 ES-MaACL
005 20250817062547.0
007 t|
008 021204s1979 sp ||||1| spa d
100 1 _aAlonso Tapia, Jesús.
_920412
245 1 3 _aEl desorden formal de pensamiento en la esquizofrenia /
_cJesús Alonso Tapia.
260 _aMadrid :
_bFundación Juan March,
_c[1979]
300 _a49 p. ;
_c21 cm.
490 1 _aSerie universitaria
710 2 _aFundación Juan March
_94346
830 0 _aSerie universitaria
_9180747
852 _aES-MaACL
_jA-10628
_bR.99772
999 _c22776
_d22776